| 000 | 01069cam a2200349 a 4500 | ||
|---|---|---|---|
| 001 | 711101 | ||
| 003 | OSt | ||
| 005 | 20140310181656.0 | ||
| 008 | 971028r19971891nyu 000 0 eng | ||
| 010 | _a 97046018 | ||
| 020 | _a1853264717 | ||
| 040 |
_aDLC _cDLC _dDLC |
||
| 041 | 1 |
_aeng _hchi |
|
| 050 | 0 | 0 |
_aBL 1900 _b.T999 1997 |
| 082 | 0 | 0 |
_aIB 299.51482 _2T99t 1997 |
| 100 | 0 | _aTzu, Lao. | |
| 240 | 1 | 0 |
_aDao de jing. _lEnglish |
| 245 | 1 | 0 |
_aTao te ching / _cLao Tzu. |
| 250 | _aDover ed., unabridged. | ||
| 260 |
_aMineola, N.Y. : _bDover Publications, _c1997. |
||
| 300 |
_a78 p. : _c21 cm. |
||
| 440 | 0 | _aDover thrift editions | |
| 700 | 1 |
_aLegge, James, _d1815-1897. |
|
| 856 | 4 | 2 |
_3Publisher description _uhttp://www.loc.gov/catdir/description/dover031/97046018.html |
| 906 |
_a7 _bcbc _corignew _d1 _eocip _f19 _gy-gencatlg |
||
| 942 |
_2lcc _cBK |
||
| 987 |
_aPINYIN _bDLC _c20030401 _dc |
||
| 999 |
_c1097 _d1097 |
||